000 00487nam a2200169Ia 4500
999 _c27296
_d27296
003 OSt
005 20201124144812.0
008 190216s9999||||xx |||||||||||||| ||und||
040 _coclc
082 _a920
_bLEE/M
100 _aLeelavathy, M
_92002
245 0 _aMaulana Abulkalam Azad /
_cM Leelavathy
260 _bCalicut University Publications,
_aCalicut:
_c1996.
300 _a100p
650 _aJeeva Charithram
942 _cBK
_2ddc
_h920
_iLEE/M
_k920
_mLEE/M